000 01231nam a22002657a 4500
008 110523s2008 enk|||||r|||| 000 j eng d
020 _a1405881909
020 _a9781405881906
020 _a9781405879125 (CD-ROM)
082 _222
_a428.6
_bWEL
100 _919410
_aWells, H. G.
_d1866-1946.
_q(Herbert George),
245 _aThe Island of Doctor Moreau /
_cH. G. Wells; Retold by Fiona Beddall
260 _aHarlow :
_bPearson, 2008
_c2008
300 _a54 p. :
_bcol. ill. ;
_c20 cm. +
_e2 CD-ROMs (4 3/4 in.)
490 _95756
_aPenguin readers ;
_nLevel 3
521 _aA2: Pre-Intermediate
650 _99891
_aScience fiction, English
650 _924032
_aHigh interest-low vocabulary books
653 _bENG
_cMay2011
700 _95719
_aBeddall, Fiona.
_enrt
942 _2ddc
_cBB
999 _c15373
_d15373